Jednosmerný lístok

Bibliographic Details
Main Author: Forman, Jay (Author)
Other Authors: Melcerová, Jana (Translator)
Format: Book
Language:Slovak
English
Published: Bratislava Ikar 2018
Subjects:

MARC

LEADER 00000cam a2200000 4500
001 vtls011788343
003 SK-MaSNL
005 20260301050041.0
008 200316s2018 xo er 000 f slo
015 |a SNBA2018/11 
020 |a 9788055162881  |q (viazané) 
035 |a urn:nbn:sk:snk-am00dicc 
035 |a urn:nbn:sk:snk-am3i395 
035 |a 16801E9C-9174-4369-BF5F-8F90D0A966E9 
040 |a SNK  |b slo  |e rda  |c SNK 
041 1 |a slo  |h eng 
044 |a xo  |c SK 
072 7 |a 821.111-3  |x Anglická próza, anglicky písaná  |2 konspekt 
080 |a 821.111(71)-31  |2 2011 
080 |a (0:82-312.4)  |2 2011 
100 1 |a Forman, Jay  |4 aut  |9 355039 
240 1 0 |a One Way Ticket  |l Slovensky 
245 1 0 |a Jednosmerný lístok  |c Jay Formanová ; preložila Jana Melcerová 
264 1 |a Bratislava  |b Ikar  |c 2018 
300 |a 317 strán  |c 21 cm 
336 |a text  |b txt  |2 rdacontent 
337 |a bez média  |b n  |2 rdamedia 
338 |a zväzok  |b nc  |2 rdacarrier 
500 |a Preložené z angličtiny 
655 7 |a kanadské romány (anglicky)  |2 SNKPH  |9 70623 
655 7 |a detektívne romány  |2 SNKPH  |9 70455 
655 7 |a Canadian fiction (English)  |2 SNKPHeng  |9 287561 
655 7 |a Detective novels  |2 SNKPHeng  |9 121444 
700 1 |a Melcerová, Jana  |4 trl  |9 179344 
852 |a Štátna vedecká knižnica v Banskej Bystrici 
919 |a 978-80-551-6288-1 
958 |a LX 
958 |a UP 
968 |b ENG 
999 |c 600021  |d 601951 
952 |a SNK  |b SNK  |y PREZ  |7 0  |p 17A1339245  |o snkSC 181562  |i snk2018/24033  |8 0  |0 0  |1 0  |4 0  |d 2018-11-15  |f 1  |l 0  |r 2026-02-23 15:51:34  |w 2026-02-23 
952 |a SNK  |b SNK  |y PREZ  |7 0  |p 17A1353219  |o snkSC 181562 D1  |i snk2019/2257  |8 0  |0 0  |1 0  |4 0  |d 2019-01-25  |l 0  |r 2026-02-23 15:51:34  |w 2026-02-23